000 00319nam a2200133Ia 4500
008 231129s1980||||xx |||||||||||||| ||spa||
040 _bspa
082 _a986.105 U76t
100 _aUribe Vargas Diego
245 0 _aTemas de Diplomacia y de historia
260 _c1980
264 _aBanco Popular
942 _2ddc
_cBKS
999 _c25158
_d25158